Inazuma Eleven - Noms d'épisodes Saison 2 - Statistiques

Statistiques générales
  • Ce quiz a été pris 132 fois
  • Le résultat moyen est 12 sur 41
Statistiques - réponses
Numéro Réponse % Correct
22 L'Attaquant de Feu
69%
6 Le Prince des Neiges
57%
1 Les Extraterrestres Débarquent
51%
14 Erik à Tout Prix
49%
20 Les Doutes du Capitaine
49%
28 Byron Love, le Sauveur
43%
26 Jouer avec le Feu
43%
19 Génésis, l'Equipe la Plus Forte
41%
13 Le Dernier Blizzard de la Vouivre
36%
18 L'Autre Main Magique
34%
16 Match au Sommet Contre ce Diable d'Epsilon
34%
39 La Méga Supertechnique de l'Amitié
32%
2 Raimon Contre Attaque
32%
23 Au Rythme du Football
31%
15 Les Manigances de Dvalin
31%
7 Qui est l'Attaquant Vedette ?
31%
21 Duel sur la Plage
29%
10 La Force Cachée
29%
37 La Menace Ressurgit
28%
25 Le Nouvel Epsilon Contre Attaque
27%
9 L'Assaut d'Epsilon
26%
30 Mark Contre Axel : le Duel
26%
3 Match Contre les Joueurs en Noirs
26%
31 Chaos, une Equipe Prodigieuse
24%
24 Le Poing de la Justice Rugit
24%
4 La Menace de l'Académie Alius
23%
5 A la Recherche du Mystérieux Attaquant
22%
11 La Contre Attaque de la Royal - Première Partie
22%
12 La Contre Attaque de la Royal - Deuxième Partie
21%
17 La Mégasupertechnique du Grand Père
21%
32 L'Explosion du Blizzard Enflammé
21%
8 L'Académie Alius Passe à l'Attaque
20%
33 Destination : Académie Alius
18%
34 La Vraie Nature de l'Académie Alius
18%
29 Le Nouveau Défi de Mark Evans
18%
35 Le Match Décisif, Génésis - Première Partie
17%
38 Le Duel : Raimon Contre Raimon
16%
41 En Route pour le Titre Mondial - Deuxième Partie : le Feu
14%
40 En Route pour le Titre Mondial - Première Partie : la Glace
14%
36 Le Match Décisif, Génsis - Deuxième Partie
4%
27 La Diamond Dust, l'Equipe du Brouilard Glacial
3%
Aucun quiz correspondant
Distribution des résultats
% des personnes avec chaque résultat
Percentile par nombre de réponses
Votre historique - résultats
Vous n’avez pas pris ce quiz